L´en dessous L´admirable
সংরক্ষণ করুন:
| প্রধান লেখক: | |
|---|---|
| বিন্যাস: | গ্রন্থ |
| ভাষা: | Undetermined |
| প্রকাশিত: |
Montreal, Canadá
Les Presses de L´Université de Montreal
1975
|
| বিষয়গুলি: | |
| ট্যাগগুলো: |
ট্যাগ যুক্ত করুন
কোনো ট্যাগ নেই, প্রথমজন হিসাবে ট্যাগ করুন!
|
MARC
| LEADER | 00000nam a2200000Ia 4500 | ||
|---|---|---|---|
| 008 | 170316s9999 xx 000 0 und d | ||
| 040 | |a cru BVZT | ||
| 090 | |a 818 B-16e | ||
| 100 | |a Brault, Jacques | ||
| 245 | |a L´en dessous L´admirable | ||
| 260 | |a Montreal, Canadá | ||
| 260 | |b Les Presses de L´Université de Montreal | ||
| 260 | |c 1975 | ||
| 300 | |a 51 páginas | ||
| 650 | |a LITERATURA CANADIENSE | ||
| 999 | |c 6355 |d 6355 | ||
| 942 | |c 15 D |h 818 B-16e |2 z | ||
